[Event "ALG-ch"]
[Site "Algiers"]
[Date "2015.02.06"]
[Round "10"]
[White "Dekar, Lies"]
[Black "Haddouche, Mohamed Amine"]
[Result "0-1"]
[WhiteElo "2061"]
[BlackElo "2524"]
[PlyCount "116"]
[EventDate "2015.01.30"]
[EventType "tourn"]
[EventRounds "11"]
[EventCountry "ALG"]
[SourceTitle "CBM 164 Extra"]
[Source "ChessBase"]
[SourceDate "2015.03.02"]
[SourceVersion "1"]
[SourceVersionDate "2015.03.02"]
[SourceQuality "1"]

1. Nf3 Nf6 2. g3 g6 3. Bg2 Bg7 4. 0-0 0-0 5. c4 d6 6. Nc3 e5 7. d3 Re8 8. Rb1 a5 9. Qc2 c6 10. b3 h6 11. Rd1 Na6 12. Ba3 Nb4 13. Qd2 Be6 14. e4 Bg4 15. h3 Bxf3 16. Bxf3 Nd7 17. Ne2 Nc5 18. Nc1 h5 19. Bb2 Ne6 20. a3 Na6 21. Ne2 Nac5 22. Bc3 a4 23. b4 Nb3 24. Qb2 Qf6 25. Bg2 h4 26. f4 hxg3 27. Rf1 Qh4 28. fxe5 dxe5 29. Rf3 Ned4 30. Bxd4 Nxd4 31. Nxd4 exd4 32. c5 Re7 33. Bf1 Rd8 34. Kg2 Be5 35. Be2 Kg7 36. Rh1 Bf4 37. Rff1 Be3 38. Bd1 Bf2 39. Rxf2 gxf2 40. Qxf2 Qg5+ 41. Kh2 Qe5+ 42. Qg3 Rh8 43. Rf1 Qxg3+ 44. Kxg3 f5 45. Bf3 Kf6 46. Bg2 Kg5 47. Rf4 fxe4 48. h4+ Kh6 49. Bxe4 Kg7 50. Rg4 Re6 51. Kf3 Rf8+ 52. Kg3 Kh6 53. Kg2 Rff6 54. b5 Re5 55. bxc6 bxc6 56. Bf3 Ref5 57. Bd1 Rf2+ 58. Kh3 Rd2 0-1

[Event "ALG-ch"]
[Site "Algiers"]
[Date "2015.02.05"]
[Round "9"]
[White "Moulay, Mehdi"]
[Black "Dekar, Lies"]
[Result "1-0"]
[WhiteElo "2026"]
[BlackElo "2061"]
[PlyCount "81"]
[EventDate "2015.01.30"]
[EventType "tourn"]
[EventRounds "11"]
[EventCountry "ALG"]
[SourceTitle "CBM 164 Extra"]
[Source "ChessBase"]
[SourceDate "2015.03.02"]
[SourceVersion "1"]
[SourceVersionDate "2015.03.02"]
[SourceQuality "1"]

1. d4 Nf6 2. Nf3 e6 3. Bf4 b6 4. e3 Bb7 5. Bd3 d6 6. 0-0 Nbd7 7. Nbd2 g6 8. Re1 Bg7 9. c3 0-0 10. e4 h6 11. Nf1 Qe7 12. Ng3 e5 13. Be3 Rfe8 14. d5 Ng4 15. Bc1 c6 16. h3 Nxf2 17. Kxf2 cxd5 18. exd5 Bxd5 19. Be4 Bxe4 20. Nxe4 Nf6 21. Nxf6+ Qxf6 22. Qd5 Rac8 23. Kg1 Rc5 24. Qd3 d5 25. Be3 e4 26. Bxc5 exd3 27. Rxe8+ Kh7 28. Bd4 Qc6 29. Re3 Qb5 30. Rf1 d2 31. Nxd2 Bxd4 32. cxd4 Qxb2 33. Rxf7+ Kg8 34. Ref3 Qxd4+ 35. Rf2 h5 36. Rxa7 b5 37. Rb7 Qc5 38. Rbf7 Qa3 39. Rf8+ Kg7 40. R2f7+ Kh6 41. Rh8+ 1-0

[Event "ALG-ch"]
[Site "Algiers"]
[Date "2015.02.02"]
[Round "5"]
[White "Dekar, Lies"]
[Black "Oussedik, Mahfoud"]
[Result "0-1"]
[WhiteElo "2061"]
[BlackElo "2193"]
[PlyCount "90"]
[EventDate "2015.01.30"]
[EventType "tourn"]
[EventRounds "11"]
[EventCountry "ALG"]
[SourceTitle "CBM 164 Extra"]
[Source "ChessBase"]
[SourceDate "2015.03.02"]
[SourceVersion "1"]
[SourceVersionDate "2015.03.02"]
[SourceQuality "1"]

1. e4 c5 2. Nf3 d6 3. d4 cxd4 4. Nxd4 Nf6 5. Nc3 a6 6. h3 e6 7. g4 Be7 8. Bg2 Nfd7 9. 0-0 Nc6 10. Nde2 g5 11. b3 h5 12. Ng3 hxg4 13. hxg4 Nce5 14. Be3 Qc7 15. Na4 b5 16. Nb2 Bb7 17. f3 d5 18. Nh5 Nf6 19. Nxf6+ Bxf6 20. Bd4 dxe4 21. fxe4 Bg7 22. c3 Rd8 23. Qe2 Rh4 24. Rfd1 Kf8 25. Bxe5 Bxe5 26. Rac1 Bh2+ 27. Kf1 Qf4+ 28. Qf3 Rxd1+ 29. Rxd1 Rxg4 30. Nd3 Qxe4 31. Qxe4 Bxe4 32. Bxe4 Rxe4 33. Nc5 Re3 34. Rc1 a5 35. Kf2 Bf4 36. Rc2 Rh3 37. Kg1 g4 38. Nb7 g3 39. Rg2 a4 40. c4 axb3 41. axb3 bxc4 42. bxc4 f5 43. Kf1 Rh1+ 44. Ke2 Ke7 45. Kd3 Rh2 0-1

[Event "ALG-ch"]
[Site "Algiers"]
[Date "2015.01.30"]
[Round "2"]
[White "Khalef, Eladel"]
[Black "Dekar, Lies"]
[Result "1-0"]
[WhiteElo "2048"]
[BlackElo "2061"]
[PlyCount "101"]
[EventDate "2015.01.30"]
[EventType "tourn"]
[EventRounds "11"]
[EventCountry "ALG"]
[SourceTitle "CBM 164 Extra"]
[Source "ChessBase"]
[SourceDate "2015.03.02"]
[SourceVersion "1"]
[SourceVersionDate "2015.03.02"]
[SourceQuality "1"]

1. e4 c5 2. Nf3 d6 3. d4 cxd4 4. Nxd4 Nf6 5. Nc3 e6 6. Bg5 Be7 7. Bd3 Nc6 8. Nxc6 bxc6 9. e5 dxe5 10. Qf3 Nd5 11. Bxe7 Qxe7 12. 0-0 f5 13. Bc4 0-0 14. Rad1 Rb8 15. Rfe1 e4 16. Qh3 Rf6 17. Bb3 Rg6 18. Kh1 Nf4 19. Qxf5 Rxb3 20. Qxf4 Rxb2 21. Qxe4 Rb4 22. Qe5 h6 23. Ne4 Ba6 24. Qd6 Qxd6 25. Rxd6 Bc4 26. Rxc6 Bxa2 27. f3 Bd5 28. Ra6 Rc4 29. Re2 Rc7 30. Rd2 Bxe4 31. fxe4 Rf6 32. h3 Rf1+ 33. Kh2 Kf7 34. Re2 Rb1 35. Kg3 Rb5 36. e5 Rbc5 37. Rf2+ Ke7 38. Re2 Rc3+ 39. Kg4 g6 40. Kh4 R7c4+ 41. g4 g5+ 42. Kh5 Rxh3+ 43. Kg6 Rxg4 44. Rxa7+ Ke8 45. Rd2 Rc4 46. Rdd7 Rf3 47. Rh7 Rc8 48. Rae7+ Kd8 49. Reg7 Ke8 50. Rg8+ Rf8 51. Rxf8+ 1-0

[Event "ALG-chT"]
[Site "Algiers"]
[Date "2013.08.21"]
[Round "1.3"]
[White "Dekar, Lies"]
[Black "Benlaid, Lakhdar"]
[Result "1-0"]
[WhiteElo "2100"]
[BlackElo "1893"]
[PlyCount "71"]
[EventDate "2013.08.21"]
[EventType "team-swiss"]
[EventRounds "9"]
[EventCountry "ALG"]
[SourceTitle "CBM 156 Extra"]
[Source "ChessBase"]
[SourceDate "2013.10.22"]
[SourceVersion "1"]
[SourceVersionDate "2013.10.22"]
[SourceQuality "1"]
[WhiteTeam "Medea Akouas"]
[BlackTeam "Constantine CEA"]
[WhiteTeamCountry "ALG"]
[BlackTeamCountry "ALG"]

1. e4 c5 2. Nf3 d6 3. d4 cxd4 4. Nxd4 Nf6 5. Nc3 g6 6. f4 Nc6 7. Be3 Bg7 8. Be2 0-0 9. Nb3 Be6 10. 0-0 Bxb3 11. axb3 a6 12. Qe1 Nd7 13. Rd1 Qa5 14. e5 Qc7 15. exd6 exd6 16. Nd5 Qd8 17. c3 Ne7 18. Bf3 Nf5 19. Bf2 Re8 20. Qd2 Nc5 21. Qc2 Rb8 22. b4 Ne6 23. Be4 Nh6 24. Bb6 Qd7 25. Qf2 f5 26. Bc2 Ng4 27. Qh4 Qc6 28. Kh1 Kh8 29. Bg1 Rbd8 30. Rf3 Rd7 31. Bb3 Nc7 32. Rh3 h5 33. Qg5 Kh7 34. Rxh5+ gxh5 35. Qxf5+ Kh6 36. Bc2 1-0

[Event "ALG-chT"]
[Site "Algiers"]
[Date "2013.08.21"]
[Round "2.3"]
[White "Sebih, Kamel"]
[Black "Dekar, Lies"]
[Result "1-0"]
[WhiteElo "2241"]
[BlackElo "2100"]
[PlyCount "77"]
[EventDate "2013.08.21"]
[EventType "team-swiss"]
[EventRounds "9"]
[EventCountry "ALG"]
[SourceTitle "CBM 156 Extra"]
[Source "ChessBase"]
[SourceDate "2013.10.22"]
[SourceVersion "1"]
[SourceVersionDate "2013.10.22"]
[SourceQuality "1"]
[WhiteTeam "Alger ASSN"]
[BlackTeam "Medea Akouas"]
[WhiteTeamCountry "ALG"]
[BlackTeamCountry "ALG"]

1. d4 d5 2. c4 e6 3. Nc3 f5 4. Nf3 Nf6 5. Bg5 Be7 6. e3 0-0 7. Bd3 Kh8 8. Ne5 c6 9. 0-0 Bd7 10. Qb3 b6 11. f3 Be8 12. Rad1 Bh5 13. Qa4 Be8 14. Qc2 Nfd7 15. Nxd7 Nxd7 16. Bf4 Bf6 17. cxd5 cxd5 18. Ba6 g5 19. Bg3 Bg6 20. Qa4 Qe7 21. Nb5 e5 22. Nc3 Bf7 23. dxe5 Nc5 24. Qd4 Bg7 25. Be2 Rad8 26. f4 Ne6 27. Qa4 Nc5 28. Qa3 gxf4 29. exf4 Rg8 30. Rd4 Bf8 31. Bf3 Qb7 32. b4 Ne4 33. Bxe4 fxe4 34. Nxe4 a5 35. Nd6 Rxd6 36. exd6 Bxd6 37. Qb2 Rg7 38. f5 Rxg3 39. Rg4+ 1-0

[Event "Algiers Ameyar Memorial-A 11th"]
[Site "Algiers"]
[Date "2012.11.17"]
[Round "3"]
[White "Saim, Mohamed Ilias"]
[Black "Dekar, Lies"]
[Result "0-1"]
[WhiteElo "1920"]
[BlackElo "2141"]
[PlyCount "98"]
[EventDate "2012.11.16"]
[EventType "swiss"]
[EventRounds "9"]
[EventCountry "ALG"]
[SourceTitle "CBM 151 Extra"]
[Source "ChessBase"]
[SourceDate "2012.12.18"]
[SourceVersion "1"]
[SourceVersionDate "2012.12.18"]
[SourceQuality "1"]

1. e4 c6 2. d4 d5 3. Nd2 dxe4 4. Nxe4 Nf6 5. Ng3 g6 6. Nf3 Bg7 7. Bc4 0-0 8. 0-0 Qc7 9. a4 c5 10. dxc5 Qxc5 11. Bb3 Nc6 12. Be3 Qa5 13. h3 Rd8 14. Qe2 Nd5 15. Bd2 Qc7 16. Rab1 Nd4 17. Nxd4 Bxd4 18. Qf3 Nf6 19. Bh6 Bd7 20. Bf4 Qb6 21. Qe2 Bc5 22. Be5 Bc6 23. Rbd1 Nd7 24. Bc3 Nf6 25. Rb1 Rf8 26. Bc4 Qc7 27. Be5 Bd6 28. Bxd6 exd6 29. b3 d5 30. Bd3 Qf4 31. Qe3 Qh4 32. Ne2 Rfe8 33. Qd4 Qxd4 34. Nxd4 Bd7 35. Rfe1 Kf8 36. Nb5 Bxb5 37. Bxb5 Re7 38. f3 Rc8 39. Bd3 Rc3 40. Kf2 Rd7 41. g3 Rdc7 42. Re5 a5 43. Ke2 R7c5 44. Kd2 d4 45. Rxc5 Rxc5 46. b4 Rg5 47. g4 Nd5 48. bxa5 Nc3 49. Bb5 Nxb1+ 0-1

[Event "Olympiad-40"]
[Site "Istanbul"]
[Date "2012.08.29"]
[Round "2.4"]
[White "Dekar, Lies"]
[Black "Davy, Damion"]
[Result "0-1"]
[WhiteElo "2155"]
[BlackElo "2101"]
[PlyCount "96"]
[EventDate "2012.08.28"]
[EventType "team-swiss"]
[EventRounds "11"]
[EventCountry "TUR"]
[SourceTitle "CBM 151"]
[Source "ChessBase"]
[SourceDate "2012.11.13"]
[SourceVersion "1"]
[SourceVersionDate "2012.11.13"]
[SourceQuality "1"]
[WhiteTeam "Algeria"]
[BlackTeam "Jamaica"]
[WhiteTeamCountry "ALG"]
[BlackTeamCountry "JAM"]

1. e4 c5 2. Nf3 Nc6 3. Bb5 g6 4. 0-0 Bg7 5. c3 Nf6 6. Re1 0-0 7. Na3 d6 8. Nc2 Bd7 9. Bf1 Bg4 10. h3 Bxf3 11. Qxf3 e5 12. g4 d5 13. d3 d4 14. Qg3 Nd7 15. Bg2 Bf6 16. Bh6 Re8 17. g5 Bh8 18. cxd4 cxd4 19. Na3 Qe7 20. Bf3 Nc5 21. Bg4 Na4 22. b3 Qxa3 23. bxa4 Qxa4 24. Bd1 Qa5 25. Bb3 Nd8 26. Bd5 Ne6 27. Bxb7 Rab8 28. Bd5 Nf4 29. Bc4 Rb2 30. Qf3 Reb8 31. Red1 Bg7 32. Bxg7 Kxg7 33. Qg4 Qd8 34. Kf1 f6 35. h4 fxg5 36. hxg5 Qf8 37. Qd7+ Kh8 38. Qc7 Rxf2+ 39. Kxf2 Ne6+ 40. Kg1 Nxc7 41. Rf1 Qd8 42. Rf6 Qc8 43. Raf1 Qg4+ 44. Kh1 Qh4+ 45. Kg1 Qxg5+ 46. Kh1 Qh4+ 47. Kg1 Qg3+ 48. Kh1 Rb2 0-1

[Event "ALG-ch 24th"]
[Site "Sidi Bel Abbes"]
[Date "2012.03.06"]
[Round "9"]
[White "Seraoui, Mohcen"]
[Black "Dekar, Lies"]
[Result "0-1"]
[WhiteElo "2196"]
[BlackElo "2160"]
[PlyCount "72"]
[EventDate "2012.03.01"]
[EventType "tourn"]
[EventRounds "9"]
[EventCountry "ALG"]
[SourceTitle "CBM 147 Extra"]
[Source "ChessBase"]
[SourceDate "2012.04.24"]
[SourceVersion "1"]
[SourceVersionDate "2012.04.24"]
[SourceQuality "1"]

1. e4 c6 2. d4 d5 3. e5 Bf5 4. Nf3 e6 5. Be2 c5 6. 0-0 Nc6 7. c3 Qb6 8. Nbd2 a6 9. dxc5 Bxc5 10. Nb3 Bf8 11. Nfd4 Bg6 12. Be3 Qc7 13. f4 Nge7 14. Qd2 h5 15. Rae1 Nf5 16. Bf2 Be7 17. Bd3 Nfxd4 18. Nxd4 Bxd3 19. Qxd3 Nxd4 20. cxd4 g6 21. Qh3 Rc8 22. g4 Kd7 23. f5 hxg4 24. fxe6+ fxe6 25. Qxg4 Qc2 26. Bg3 Rcf8 27. Rf6 Bxf6 28. exf6 Rxf6 29. Qg5 Rxh2 30. Bxh2 Qf2+ 31. Kh1 Qxe1+ 32. Bg1 Qe4+ 33. Kh2 Qf4+ 34. Qxf4 Rxf4 35. Kg3 Re4 36. Kf3 g5 0-1

[Event "ALG-ch 24th"]
[Site "Sidi Bel Abbes"]
[Date "2012.03.01"]
[Round "1"]
[White "Dekar, Lies"]
[Black "Salhi, Nouressadat"]
[Result "1-0"]
[WhiteElo "2160"]
[BlackElo "2115"]
[PlyCount "58"]
[EventDate "2012.03.01"]
[EventType "tourn"]
[EventRounds "9"]
[EventCountry "ALG"]
[SourceTitle "CBM 147 Extra"]
[Source "ChessBase"]
[SourceDate "2012.04.24"]
[SourceVersion "1"]
[SourceVersionDate "2012.04.24"]
[SourceQuality "1"]

1. e4 c5 2. Nf3 Nc6 3. Bb5 Nd4 4. Nxd4 cxd4 5. 0-0 Qa5 6. Qh5 Qc7 7. Qd5 e5 8. f4 exf4 9. Bc4 d6 10. d3 Nf6 11. Qb5+ Bd7 12. Qb3 d5 13. exd5 Bd6 14. Re1+ Kd8 15. Nd2 b5 16. Bxb5 Rb8 17. a4 a6 18. Nf3 axb5 19. a5 Qc5 20. Ne5 Bxe5 21. Rxe5 Ng4 22. Re4 g5 23. c4 f5 24. Re2 Re8 25. Rxe8+ Kxe8 26. Bd2 Qc7 27. c5 Qxc5 28. Bb4 Qc7 29. d6 Qc4 1-0

[Event "FRA-chT Top 16 GP Haute"]
[Site "Port Barcares"]
[Date "2005.05.06"]
[Round "10"]
[White "Dekar, Lies"]
[Black "Gozzoli, Yannick"]
[Result "1/2-1/2"]
[WhiteElo "2186"]
[BlackElo "2433"]
[PlyCount "94"]
[EventDate "2005.05.04"]
[EventType "team-tourn"]
[EventRounds "4"]
[EventCountry "FRA"]
[SourceTitle "CBM 107"]
[Source "ChessBase"]
[SourceDate "2005.08.01"]
[SourceVersion "1"]
[SourceVersionDate "2005.08.01"]
[SourceQuality "1"]
[WhiteTeam "Mulhouse"]
[BlackTeam "Cannes"]
[WhiteTeamCountry "FRA"]
[BlackTeamCountry "FRA"]

1. e4 Nf6 2. e5 Nd5 3. Nc3 Nxc3 4. dxc3 Nc6 5. Bf4 d6 6. exd6 cxd6 7. Qd2 e5 8. Bg5 f6 9. Be3 d5 10. Ne2 Be6 11. g3 Qd7 12. Bg2 Rd8 13. Rd1 Be7 14. f4 0-0 15. 0-0 b5 16. Qe1 Qc7 17. Qf2 b4 18. Bc5 bxc3 19. Nxc3 d4 20. Ne4 Bc4 21. Rfe1 Bxc5 22. Nxc5 Ne7 23. b4 Nc6 24. Bf1 Bf7 25. a3 Rfe8 26. fxe5 Nxe5 27. Be2 Bg6 28. Rd2 Qc8 29. Red1 h6 30. Rxd4 Rxd4 31. Rxd4 Bxc2 32. Bb5 Bg6 33. Rd6 Rd8 34. Rxd8+ Qxd8 35. h3 Qd5 36. Be2 Qa2 37. Qe3 Kh7 38. Kf2 Qa1 39. Kg2 Qe1 40. Ne4 h5 41. Ng5+ Kh8 42. Nf3 Nxf3 43. Qxf3 h4 44. gxh4 Qxh4 45. Qg3 Be4+ 46. Bf3 Bxf3+ 47. Qxf3 Qd4 1/2-1/2

[Event "ALG olympic selection"]
[Site "Algiers"]
[Date "2000.08.31"]
[Round "1"]
[White "Slimani, Abdelhamid"]
[Black "Dekar, Lies"]
[Result "1-0"]
[WhiteElo "2205"]
[BlackElo "2205"]
[PlyCount "63"]
[EventDate "2000.08.31"]
[EventType "swiss"]
[EventRounds "8"]
[EventCountry "ALG"]
[SourceTitle "EXT 2002"]
[Source "ChessBase"]
[SourceDate "2001.11.25"]
[SourceVersion "1"]
[SourceVersionDate "2001.11.25"]
[SourceQuality "1"]

1. e4 c5 2. Nf3 d6 3. d4 cxd4 4. Nxd4 Nf6 5. Nc3 e6 6. Bg5 Be7 7. Qd2 Nc6 8. f4 h6 9. Bxf6 Bxf6 10. Ndb5 0-0 11. 0-0-0 Qa5 12. Nxd6 Rd8 13. Kb1 b5 14. e5 b4 15. Nce4 Be7 16. Bc4 Rb8 17. Bb3 Ba6 18. Qe3 Qc7 19. g4 Na5 20. h4 Nxb3 21. axb3 Rb6 22. Rh2 Bb7 23. Rhd2 Bxe4 24. Qxe4 Bxd6 25. exd6 Qd7 26. g5 Qb5 27. gxh6 g6 28. Qd4 e5 29. fxe5 Qd7 30. h5 Qe6 31. hxg6 fxg6 32. Qc4 1-0

[Event "Arab-ch 8th"]
[Site "Doha"]
[Date "1993.??.??"]
[Round "5"]
[White "Dekar, Lies"]
[Black "Hmadi, Slaheddine"]
[Result "0-1"]
[WhiteElo "2255"]
[BlackElo "2315"]
[PlyCount "124"]
[EventDate "1993.??.??"]
[EventType "swiss"]
[EventRounds "11"]
[EventCountry "QAT"]
[SourceTitle "TD"]
[Source "ChessBase"]
[SourceDate "1994.03.01"]
[SourceVersion "1"]
[SourceVersionDate "1994.03.01"]
[SourceQuality "1"]

1. d4 d5 2. c4 e6 3. Nc3 Nf6 4. Bg5 Bb4 5. Nf3 Nbd7 6. g3 c5 7. cxd5 exd5 8. Bg2 Bxc3+ 9. bxc3 Qa5 10. 0-0 c4 11. Ne5 0-0 12. Nxd7 Nxd7 13. Be7 Re8 14. Bb4 Qb5 15. Qd2 Nf6 16. f3 Bf5 17. g4 Bg6 18. h4 h6 19. Bd6 Qb6 20. Bf4 Re7 21. Rf2 Rae8 22. Kh2 Qe6 23. h5 Bh7 24. Kg3 Bf5 25. Be5 Bh7 26. Rh1 Nd7 27. Bf4 f6 28. Bh3 Qc6 29. Kh2 Nf8 30. Bg3 b5 31. Rhf1 a5 32. a3 Kh8 33. f4 b4 34. g5 bxc3 35. Qxc3 Re3 36. Qc1 Qd6 37. gxh6 gxh6 38. Rf3 Rxe2+ 39. R1f2 f5 40. Bh4 Qe6 41. Rxe2 Qxe2+ 42. Bg2 Nd7 43. Qb1 Rg8 44. Rg3 Rxg3 45. Bxg3 Qxh5+ 46. Kg1 Bg8 47. Qb7 Nf6 48. Qe7 Qd1+ 49. Qe1 Qxd4+ 50. Bf2 Qxf4 51. Qc3 Kg7 52. Bd4 Qg5 53. Qxa5 Kg6 54. Qb6 f4 55. Kf1 Qf5 56. Bf3 Be6 57. Qa7 Qd3+ 58. Kf2 Bg4 59. Bg2 f3 60. Bxf6 Qe2+ 61. Kg3 Qxg2+ 62. Kf4 Kxf6 0-1

[Event "Arab-ch 8th"]
[Site "Doha"]
[Date "1993.??.??"]
[Round "1"]
[White "El Taher, Fouad"]
[Black "Dekar, Lies"]
[Result "1-0"]
[WhiteElo "2400"]
[BlackElo "2255"]
[PlyCount "57"]
[EventDate "1993.??.??"]
[EventType "swiss"]
[EventRounds "11"]
[EventCountry "QAT"]
[SourceTitle "TD"]
[Source "ChessBase"]
[SourceDate "1994.03.01"]
[SourceVersion "1"]
[SourceVersionDate "1994.03.01"]
[SourceQuality "1"]

1. e4 c5 2. Nf3 d6 3. d4 cxd4 4. Qxd4 Bd7 5. c4 Nc6 6. Qd2 Nf6 7. Nc3 g6 8. b3 Bg7 9. Bb2 0-0 10. Be2 a6 11. 0-0 Rb8 12. Rfe1 Ng4 13. Rad1 Bh6 14. Qc2 Nb4 15. Qb1 f5 16. h3 Qb6 17. Rf1 Rbe8 18. a3 Nc6 19. c5 Qxc5 20. b4 Qa7 21. Bc4+ e6 22. exf5 Nge5 23. Nxe5 Nxe5 24. fxe6 Bxe6 25. Bxe6+ Rxe6 26. Qa2 Rfe8 27. Rxd6 Kf7 28. Ne4 Bf4 29. Bxe5 1-0